[Event "3. Open Magistrale"]
[Site "Padova"]
[Date "2000.12.05"]
[Round "4.6"]
[White "Paragua, Mark"]
[Black "Del Monaco, Andrea"]
[Result "1-0"]
[WhiteElo "2423"]
[BlackElo "2077"]
[Annotator "Gabriele Ballarin"]
[PlyCount "43"]
[EventDate "2000.12.02"]
[EventType "swiss"]
[EventRounds "9"]
[EventCountry "ITA"]
[SourceTitle "Ballarin Gabriele"]
[Source "Ballarin Gabrie"]
[SourceDate "2001.01.01"]
[SourceVersion "1"]
[SourceVersionDate "2001.01.01"]
[SourceQuality "1"]

{[%evp 0,43,23,21,68,55,55,51,63,57,57,44,58,34,34,55,38,14,56,28,73,44,82,82,94,17,24,29,29,29,44,56,67,47,82,86,156,83,213,167,475,470,466,369,475,130]} 1. Nf3 f5 2. g3 Nf6 3. Bg2 g6 4. O-O Bg7 5. d4 O-O 6. c4 d6 7. Nc3 Nc6 8. d5 Ne5 9. Qb3 Kh8 10. Nd4 Ne4 11. Nxe4 fxe4 12. Ne6 Bxe6 13. dxe6 Qc8 14. c5 c6 15. Bxe4 d5 16. Bg2 Qxe6 17. e4 Nc4 18. Bf4 Bd4 19. Rad1 Bxc5 20. exd5 Qe2 21. Qc3+ Kg8 22. Rde1 1-0

[Event "3. Open Magistrale"]
[Site "Padova"]
[Date "2000.12.06"]
[Round "5.13"]
[White "Straub, Peter"]
[Black "Gorecki, Zbigniew"]
[Result "1-0"]
[WhiteElo "2084"]
[BlackElo "2005"]
[Annotator "Gabriele Ballarin"]
[PlyCount "105"]
[EventDate "2000.12.02"]
[EventType "swiss"]
[EventRounds "9"]
[EventCountry "ITA"]
[SourceTitle "Ballarin Gabriele"]
[Source "Ballarin Gabrie"]
[SourceDate "2001.01.01"]
[SourceVersion "1"]
[SourceVersionDate "2001.01.01"]
[SourceQuality "1"]

1. d4 Nf6 2. Nf3 e6 3. c4 c5 4. Nc3 cxd4 5. Nxd4 d5 6. Bf4 Qb6 7. Qd2 Bb4 8. f3 O-O 9. a3 Bxc3 10. Qxc3 dxc4 11. e4 Nc6 12. Nxc6 Qxc6 13. Qxc4 Qb6 14. Qb5 Qxb5 15. Bxb5 Bd7 16. Bd3 Ba4 17. Ke2 Rad8 18. b3 Bc6 19. Rac1 Rd7 20. Rhd1 a6 21. a4 h6 22. g4 g5 23. Be3 Re8 24. h4 Nh7 25. hxg5 hxg5 26. Rh1 e5 27. Rh6 Re6 28. Rxe6 fxe6 29. Rc5 Kg7 30. Rxe5 Kf6 31. f4 Nf8 32. Rxg5 Kf7 33. Rc5 Nh7 34. e5 Nf8 35. Bxa6 Re7 36. Bxb7 Rxb7 37. Rxc6 Rxb3 38. a5 Ke7 39. a6 Kd7 40. Rc2 Ra3 41. Bc5 Rxa6 42. Bxf8 Ra8 43. Bd6 Rh8 44. Rc7+ Kd8 45. Kf3 Rh3+ 46. Ke4 Ra3 47. g5 Ra1 48. Re7 Re1+ 49. Kf3 Rf1+ 50. Kg4 Rg1+ 51. Kh5 Rf1 52. g6 Rxf4 53. g7 1-0

[Event "3. Open Magistrale"]
[Site "Padova"]
[Date "2000.12.07"]
[Round "6.6"]
[White "Mrdja, Milan"]
[Black "Manca, Federico"]
[Result "0-1"]
[WhiteElo "2431"]
[BlackElo "2396"]
[Annotator "Gabriele Ballarin"]
[PlyCount "85"]
[EventDate "2000.12.02"]
[EventType "swiss"]
[EventRounds "9"]
[EventCountry "ITA"]
[SourceTitle "Ballarin Gabriele"]
[Source "Ballarin Gabrie"]
[SourceDate "2001.01.01"]
[SourceVersion "1"]
[SourceVersionDate "2001.01.01"]
[SourceQuality "1"]

1. e4 c5 2. Nf3 Nc6 3. d4 cxd4 4. Nxd4 g6 5. Nc3 Bg7 6. Be3 Nf6 7. Bc4 O-O 8. Bb3 a5 9. O-O a4 10. Nxa4 Nxe4 11. Nb5 Ra6 12. c4 d6 13. Qe2 Nf6 14. Rad1 Ng4 15. Bg5 h6 16. Bc1 b6 17. Bc2 Nb4 18. Bb3 Nc6 19. a3 Be6 20. Nac3 Nge5 21. Nd5 Ra5 22. Be3 Bxd5 23. cxd5 Na7 24. Nd4 Qc7 25. h3 Qb7 26. Rfe1 Rc8 27. f4 Nd7 28. Bf2 Bf6 29. h4 Nf8 30. h5 Qd7 31. hxg6 Nxg6 32. Qf3 Kh7 33. Re2 Rac5 34. Nc6 Nxc6 35. Bxc5 Na5 36. Bd4 Bxd4+ 37. Rxd4 Nxb3 38. Qxb3 Rc1+ 39. Kh2 Qf5 40. Qe3 Qb1 41. Qe4 Rh1+ 42. Kg3 Qc1 43. Qc2 0-1

[Event "3. Open Magistrale"]
[Site "Padova"]
[Date "2000.12.07"]
[Round "6.15"]
[White "Gorecki, Zbigniew"]
[Black "Astengo, Marcello"]
[Result "0-1"]
[WhiteElo "2005"]
[BlackElo "2060"]
[Annotator "Gabriele Ballarin"]
[PlyCount "112"]
[EventDate "2000.12.02"]
[EventType "swiss"]
[EventRounds "9"]
[EventCountry "ITA"]
[SourceTitle "Ballarin Gabriele"]
[Source "Ballarin Gabrie"]
[SourceDate "2001.01.01"]
[SourceVersion "1"]
[SourceVersionDate "2001.01.01"]
[SourceQuality "1"]

1. c4 e6 2. Nc3 d5 3. d4 c6 4. Nf3 Nd7 5. Bg5 Be7 6. Bxe7 Qxe7 7. e3 Ngf6 8. Qc2 O-O 9. Bd3 Re8 10. O-O e5 11. dxe5 Nxe5 12. Nxe5 Qxe5 13. h3 Qh5 14. Ne2 Qh6 15. Ng3 Re5 16. Rac1 Be6 17. cxd5 Nxd5 18. Qc5 Rg5 19. Qd6 Nxe3 20. fxe3 Rd5 21. Nf5 Rxd6 22. Nxh6+ gxh6 23. Bb1 Rad8 24. b3 Kg7 25. Rce1 f6 26. Kh2 Rd2 27. Kg3 Bf7 28. Kf3 Bg6 29. e4 Rb2 30. g3 Re8 31. Rd1 Rxb1 32. Rxb1 Bxe4+ 33. Kf2 Bxb1 34. Rxb1 Kf7 35. Rd1 Ke7 36. Re1+ Kd7 37. Rd1+ Kc7 38. Rd4 Rd8 39. Rh4 Rd2+ 40. Ke3 Rxa2 41. Rxh6 Ra3 42. Rxh7+ Kb6 43. Rf7 Rxb3+ 44. Kf2 Rb2+ 45. Kg1 a5 46. Rxf6 a4 47. Rf3 Rb3 48. Rf4 Kb5 49. Kg2 a3 50. Rf8 Rb4 51. h4 a2 52. Rf5+ c5 53. Rf1 Rb1 54. Rf7 a1=Q 55. Rxb7+ Kc6 56. Rxb1 Qxb1 0-1

[Event "3. Open Magistrale"]
[Site "Padova"]
[Date "2000.12.09"]
[Round "8.14"]
[White "Di Lazzaro, Gabriele"]
[Black "Gorecki, Zbigniew"]
[Result "1-0"]
[WhiteElo "2015"]
[BlackElo "2005"]
[Annotator "Gabriele Ballarin"]
[PlyCount "73"]
[EventDate "2000.12.02"]
[EventType "swiss"]
[EventRounds "9"]
[EventCountry "ITA"]
[SourceTitle "Ballarin Gabriele"]
[Source "Ballarin Gabrie"]
[SourceDate "2001.01.01"]
[SourceVersion "1"]
[SourceVersionDate "2001.01.01"]
[SourceQuality "1"]

1. e4 c5 2. c3 d5 3. exd5 Qxd5 4. d4 Nf6 5. Nf3 e6 6. Na3 Nc6 7. Nb5 Qe4+ 8. Be2 Nd5 9. c4 Ndb4 10. O-O cxd4 11. Nc7+ Kd8 12. Ng5 Qf5 13. Nxa8 h6 14. Bg4 Qf6 15. Nf3 e5 16. Bxc8 Kxc8 17. a3 Na6 18. Re1 Nc5 19. Nd2 Qe6 20. Qf3 f5 21. Qd5 e4 22. b4 Qxd5 23. cxd5 Nd3 24. Rd1 Nce5 25. Nb3 Bd6 26. Nxd4 f4 27. Nb5 Kd7 28. Nc3 Rxa8 29. Nxe4 Rc8 30. Bd2 Rc4 31. f3 Bc7 32. Nc5+ Kd6 33. Nxd3 Nxd3 34. Ra2 g5 35. Kf1 Rd4 36. Bc3 Rxd5 37. Rad2 1-0

[Event "3.Città di Padova Op.B, Elo<1900"]
[Site "Padova Ex Fornace Carotta"]
[Date "2000.12.02"]
[Round "1.1"]
[White "Barbetta, Cosimo"]
[Black "Viola, Matteo"]
[Result "1-0"]
[WhiteElo "1600"]
[BlackElo "1898"]
[Annotator "Gabriele Ballarin"]
[PlyCount "103"]
[EventDate "2000.12.02"]
[EventType "swiss"]
[EventRounds "6"]
[EventCountry "ITA"]

1. e4 e5 2. Nf3 f5 3. d3 d6 4. c3 Nf6 5. Be2 Be7 6. O-O O-O 7. Nbd2 Kh8 8. Qc2 Nc6 9. d4 fxe4 10. Nxe4 Nxe4 11. Qxe4 d5 12. Qc2 e4 13. Ne5 Nxe5 14. dxe5 Bf5 15. Qb3 b6 16. Be3 c6 17. f4 exf3 18. Bxf3 Qc7 19. Bf2 Qxe5 20. Rfe1 Qc7 21. c4 Rad8 22. Rad1 dxc4 23. Qxc4 Rxd1 24. Rxd1 Bd7 25. Bg3 Bc5+ 26. Qxc5 Qc8 27. Qd6 Be6 28. Qxc6 Qxc6 29. Bxc6 Bxa2 30. Bh4 h6 31. Rd8 Rxd8 32. Bxd8 Kg8 33. Ba4 Kf7 34. Bc7 Ke6 35. Kf2 Bc4 36. Bc2 g5 37. Ke3 b5 38. Bd3 Bd5 39. g3 a6 40. b4 Kd7 41. Ba5 h5 42. Kd4 Kd6 43. Bf5 Bf7 44. Bb6 g4 45. Be4 Be8 46. Bb7 Bd7 47. Bxa6 Kc6 48. Ba5 Bf5 49. Ke5 Bd7 50. Kf6 Be8 51. Bc8 Kd5 52. Be6+ 1-0

[Event "3.Città di Padova Op.B, Elo<1900"]
[Site "Padova Ex Fornace Carotta"]
[Date "2000.12.02"]
[Round "1.2"]
[White "Vismara, Daniele"]
[Black "Bertucco, Diego"]
[Result "1-0"]
[WhiteElo "1886"]
[BlackElo "1600"]
[Annotator "Gabriele Ballarin"]
[PlyCount "79"]
[EventDate "2000.12.02"]
[EventType "swiss"]
[EventRounds "6"]
[EventCountry "ITA"]

1. Nf3 Nf6 2. c4 g6 3. Nc3 Bg7 4. d4 O-O 5. e4 d6 6. Be2 Nc6 7. d5 Nb8 8. Bg5 h6 9. Bh4 c6 10. O-O Nbd7 11. Qc2 a6 12. Rfe1 cxd5 13. exd5 Nc5 14. Rad1 Bf5 15. Qc1 Nfe4 16. Nxe4 Nxe4 17. Nd4 Bd7 18. Bf1 Nf6 19. a3 Re8 20. f3 Rc8 21. Qd2 b5 22. b3 bxc4 23. bxc4 Rb8 24. Bf2 Ba4 25. Rb1 Qc7 26. Rb4 Bd7 27. Reb1 a5 28. Rxb8 Rxb8 29. Rxb8+ Qxb8 30. Qxa5 Qb2 31. Qd8+ Kh7 32. Qxe7 Nxd5 33. cxd5 Bxd4 34. Qxf7+ Kh8 35. Qf8+ Kh7 36. Qe7+ Kg8 37. Qd8+ Kh7 38. Qxd7+ Kg8 39. Qe6+ Kg7 40. Qe2 1-0

[Event "3.Città di Padova Op.B, Elo<1900"]
[Site "Padova Ex Fornace Carotta"]
[Date "2000.12.02"]
[Round "1.3"]
[White "Meggiorin, Orlando"]
[Black "Carini, Massimo"]
[Result "1/2-1/2"]
[WhiteElo "1600"]
[BlackElo "1881"]
[Annotator "Gabriele Ballarin"]
[PlyCount "89"]
[EventDate "2000.12.02"]
[EventType "swiss"]
[EventRounds "6"]
[EventCountry "ITA"]

1. e4 d5 2. exd5 Qxd5 3. Nc3 Qa5 4. Nf3 Nf6 5. Be2 Nc6 6. a3 Bg4 7. h3 Bh5 8. O-O e6 9. d4 Bb4 10. Bd2 Bxc3 11. Bxc3 Qd5 12. Ne5 Bxe2 13. Qxe2 Ne4 14. Nxc6 Nxc3 15. bxc3 Qxc6 16. c4 O-O-O 17. c3 g5 18. f3 h5 19. Rab1 f5 20. Rb5 g4 21. fxg4 hxg4 22. hxg4 fxg4 23. Rf6 Rde8 24. Re5 Qb6 25. Rfxe6 Rxe6 26. Rxe6 Qb1+ 27. Qe1 Qxe1+ 28. Rxe1 g3 29. Re3 Rg8 30. Kf1 b6 31. Ke2 Kb7 32. Kf3 Ka6 33. Re5 Rg7 34. Kf4 Rg8 35. d5 Ka5 36. d6+ Ka4 37. dxc7 Kxa3 38. Re6 Kb3 39. Rc6 Rc8 40. Kxg3 a5 41. Rxb6+ Kxc4 42. Rb7 Kc5 43. Kf3 Kc6 44. Rb3 Rxc7 45. Ke3 1/2-1/2

[Event "3.Città di Padova Op.B, Elo<1900"]
[Site "Padova Ex Fornace Carotta"]
[Date "2000.12.02"]
[Round "1.4"]
[White "Dimitrijevic, Dragan"]
[Black "Pomaro, Stefano"]
[Result "1-0"]
[WhiteElo "1864"]
[BlackElo "1563"]
[Annotator "Gabriele Ballarin"]
[PlyCount "57"]
[EventDate "2000.12.02"]
[EventType "swiss"]
[EventRounds "6"]
[EventCountry "ITA"]

1. d4 Nf6 2. Nf3 c5 3. Bg5 Qb6 4. Bc1 cxd4 5. Qxd4 Qxd4 6. Nxd4 a6 7. g3 d5 8. Nb3 Nc6 9. Bg2 e5 10. Bg5 Be6 11. Bxf6 gxf6 12. c3 Bd6 13. O-O O-O-O 14. Rd1 Be7 15. N1d2 h5 16. h4 f5 17. Bh3 Rhg8 18. Kh2 f4 19. Bxe6+ fxe6 20. e4 fxg3+ 21. fxg3 Rg4 22. Re1 Rdg8 23. Re3 b5 24. a4 b4 25. Rf1 d4 26. Rd3 Kb7 27. Rf7 dxc3 28. bxc3 Rd8 29. Rxd8 1-0

[Event "3.Città di Padova Op.B, Elo<1900"]
[Site "Padova Ex Fornace Carotta"]
[Date "2000.12.02"]
[Round "1.5"]
[White "Sanavio, Giancarlo"]
[Black "Opacic, Alexandar"]
[Result "0-1"]
[WhiteElo "1561"]
[BlackElo "1837"]
[Annotator "Gabriele Ballarin"]
[PlyCount "52"]
[EventDate "2000.12.02"]
[EventType "swiss"]
[EventRounds "6"]
[EventCountry "ITA"]

1. Nf3 d5 2. b3 Nf6 3. Bb2 e6 4. e3 c5 5. c4 Nc6 6. d4 cxd4 7. exd4 Bb4+ 8. Nbd2 Bd7 9. a3 Ba5 10. b4 Bc7 11. Bd3 O-O 12. O-O Ne7 13. Ne5 Ng6 14. f4 dxc4 15. Bxc4 Nd5 16. Bxd5 exd5 17. Rc1 Ne7 18. Qf3 f6 19. Nd3 Bb5 20. Nc5 Bxf1 21. Ne6 Qd6 22. Qg4 Rf7 23. Rxc7 f5 24. Qd1 Qxe6 25. Kxf1 Qd6 26. Rxb7 Qa6+ 0-1

[Event "3.Città di Padova Op.B, Elo<1900"]
[Site "Padova Ex Fornace Carotta"]
[Date "2000.12.02"]
[Round "1.6"]
[White "Ravagnani, Tiziano"]
[Black "Del Giudice, Stefano"]
[Result "1-0"]
[WhiteElo "1833"]
[BlackElo "1555"]
[Annotator "Gabriele Ballarin"]
[PlyCount "57"]
[EventDate "2000.12.02"]
[EventType "swiss"]
[EventRounds "6"]
[EventCountry "ITA"]

1. e4 c5 2. Nf3 Nc6 3. d4 cxd4 4. Nxd4 Qb6 5. Nb5 Nf6 6. N1c3 a6 7. Be3 Qd8 8. Nd4 e6 9. Bd3 Bb4 10. f4 Bxc3+ 11. bxc3 Qc7 12. O-O h5 13. Rb1 Na5 14. Ne2 b5 15. Bd4 Nc4 16. Rb4 Bb7 17. Bxc4 bxc4 18. Bxf6 gxf6 19. Qd4 Rg8 20. Ng3 e5 21. fxe5 fxe5 22. Qf2 O-O-O 23. Rfb1 Bc6 24. Rb6 Rg4 25. Qc5 Bb5 26. R1xb5 axb5 27. Qxb5 Rdg8 28. Qa6+ Kd8 29. Qa8+ 1-0

[Event "3.Città di Padova Op.B, Elo<1900"]
[Site "Padova Ex Fornace Carotta"]
[Date "2000.12.02"]
[Round "1.7"]
[White "Broccardo, Nicola"]
[Black "Muha, Zdravko"]
[Result "0-1"]
[WhiteElo "1537"]
[BlackElo "1824"]
[Annotator "Gabriele Ballarin"]
[PlyCount "108"]
[EventDate "2000.12.02"]
[EventType "swiss"]
[EventRounds "6"]
[EventCountry "ITA"]

1. d4 Nf6 2. c4 e6 3. Nc3 d5 4. e3 Be7 5. Nf3 Nbd7 6. Be2 O-O 7. O-O dxc4 8. Bxc4 c5 9. d5 Nb6 10. Qb3 Nxc4 11. Qxc4 exd5 12. Qe2 b6 13. b3 Bb7 14. Rd1 Qc8 15. Bb2 h6 16. Rac1 Qe6 17. Qc2 Rac8 18. Qb1 Rfd8 19. Ne2 Bd6 20. Qa1 d4 21. Nf4 Bxf4 22. exf4 Bxf3 23. gxf3 Qf5 24. Re1 Qxf4 25. Kg2 Rd5 26. Rg1 Rg5+ 27. Kf1 Rxg1+ 28. Kxg1 Qxf3 29. Bxd4 Nh5 30. Qc3 Qg4+ 31. Kf1 Nf4 32. Qe3 Qh3+ 33. Qxh3 Nxh3 34. Be3 Ng5 35. Rc4 Re8 36. Bxg5 hxg5 37. a4 Re5 38. Kg2 f5 39. Rc3 Re4 40. f3 Re2+ 41. Kg3 Kf7 42. Rd3 Ke7 43. h4 gxh4+ 44. Kxh4 Rg2 45. Kh3 Rg1 46. Kh2 Rg6 47. Rd5 f4 48. Re5+ Kd6 49. Rf5 Rf6 50. Rxf6+ gxf6 51. Kg2 Ke5 52. Kf2 Kd4 53. Ke2 Kc3 54. a5 bxa5 0-1

[Event "3.Città di Padova Op.B, Elo<1900"]
[Site "Padova Ex Fornace Carotta"]
[Date "2000.12.02"]
[Round "1.8"]
[White "Lain, Luigi"]
[Black "Sedani, Elisa"]
[Result "1/2-1/2"]
[WhiteElo "1804"]
[BlackElo "1533"]
[Annotator "Gabriele Ballarin"]
[PlyCount "68"]
[EventDate "2000.12.02"]
[EventType "swiss"]
[EventRounds "6"]
[EventCountry "ITA"]

1. d4 Nf6 2. c4 g6 3. Nc3 Bg7 4. e4 d6 5. f3 O-O 6. Be3 Nbd7 7. Qd2 e5 8. d5 b6 9. Bd3 Nc5 10. Bc2 Ne8 11. Nge2 f5 12. exf5 Bxf5 13. Bxf5 Rxf5 14. O-O-O Rf7 15. h4 Nf6 16. g4 e4 17. h5 g5 18. Bxg5 Nd3+ 19. Kc2 Nf2 20. Nxe4 Nxh1 21. Rxh1 Nxe4 22. fxe4 Qe8 23. Qe3 Qe5 24. Nc3 Raf8 25. Rh3 Rf2+ 26. Kb3 Rg2 27. Bh6 Rff2 28. Bxg7 Rxb2+ 29. Ka3 Qxg7 30. g5 Rbc2 31. Kb3 Rb2+ 32. Ka3 Rbc2 33. Kb3 Rb2+ 34. Ka3 Rbc2 1/2-1/2

[Event "3.Città di Padova Op.B, Elo<1900"]
[Site "Padova Ex Fornace Carotta"]
[Date "2000.12.02"]
[Round "1.9"]
[White "Bonetto, Giorgio"]
[Black "Guclu, Yaman"]
[Result "0-1"]
[WhiteElo "1528"]
[BlackElo "1795"]
[Annotator "Gabriele Ballarin"]
[PlyCount "78"]
[EventDate "2000.12.02"]
[EventType "swiss"]
[EventRounds "6"]
[EventCountry "ITA"]

1. e4 g6 2. d4 d6 3. Nc3 c6 4. f4 d5 5. e5 h5 6. Nf3 Bg4 7. h3 Bxf3 8. Qxf3 e6 9. Bd3 Nd7 10. Be3 Nh6 11. Ne2 Nf5 12. Bf2 Qb6 13. b3 h4 14. c3 c5 15. O-O Rc8 16. Rfc1 cxd4 17. cxd4 Rc6 18. Kh2 Ba3 19. Rf1 Nb8 20. Rad1 Na6 21. Rg1 Nb4 22. Bxf5 gxf5 23. g3 hxg3+ 24. Qxg3 Rc2 25. Nc3 Qc6 26. Nb1 Bb2 27. a3 Na2 28. Rg2 Nc3 29. Nxc3 Rxc3 30. Rd3 Rxd3 31. Qxd3 Bxa3 32. Be1 Bc1 33. Kg1 Bxf4 34. Rc2 Rxh3 35. Qe2 Qb6 36. Bf2 Qxb3 37. Rb2 Qc3 38. Rxb7 Qc1+ 39. Be1 Re3 0-1

[Event "3.Città di Padova Op.B, Elo<1900"]
[Site "Padova Ex Fornace Carotta"]
[Date "2000.12.02"]
[Round "1.10"]
[White "Giancotti, Eraldo"]
[Black "Marson, Antonio"]
[Result "1-0"]
[WhiteElo "1790"]
[BlackElo "1525"]
[Annotator "Gabriele Ballarin"]
[PlyCount "84"]
[EventDate "2000.12.02"]
[EventType "swiss"]
[EventRounds "6"]
[EventCountry "ITA"]

1. d4 d5 2. e3 c6 3. Bd3 Nf6 4. Nd2 Bg4 5. Ne2 e6 6. f3 Bh5 7. Nf4 Bg6 8. Nxg6 hxg6 9. c3 Bd6 10. f4 Nbd7 11. Nf3 Ne4 12. Bxe4 dxe4 13. Ng5 Be7 14. Nxe4 f5 15. Nf2 Bh4 16. g3 Be7 17. Qb3 Kf7 18. Qxb7 Nb6 19. Nd3 Nd7 20. Qxc6 Rc8 21. Qf3 Bd6 22. Bd2 Nf6 23. O-O-O a5 24. Nf2 Be7 25. g4 Qb6 26. gxf5 exf5 27. Rhg1 Rb8 28. b3 Rhc8 29. Kb1 Qd6 30. Nd3 Qa3 31. Bc1 Rxb3+ 32. axb3 Qxb3+ 33. Bb2 Ne4 34. Ne5+ Ke8 35. c4 Rb8 36. Qg2 Nc3+ 37. Kc1 Na2+ 38. Kd2 Qxb2+ 39. Ke1 Bh4+ 40. Kf1 Qa3 41. Qxg6+ Kd8 42. Qxg7 Rb2 1-0

[Event "3.Città di Padova Op.B, Elo<1900"]
[Site "Padova Ex Fornace Carotta"]
[Date "2000.12.02"]
[Round "1.11"]
[White "De Nard, Stefano"]
[Black "Figus, Maurizio"]
[Result "1-0"]
[WhiteElo "1518"]
[BlackElo "1765"]
[Annotator "Gabriele Ballarin"]
[PlyCount "41"]
[EventDate "2000.12.02"]
[EventType "swiss"]
[EventRounds "6"]
[EventCountry "ITA"]

1. e4 c5 2. Nc3 Nc6 3. f4 g6 4. Nf3 Bg7 5. Bc4 e6 6. d3 Nge7 7. Bb3 a6 8. a4 d6 9. O-O O-O 10. Qe1 Re8 11. f5 exf5 12. Qh4 fxe4 13. dxe4 Ne5 14. Nxe5 Bxe5 15. Bg5 c4 16. Bxe7 Qb6+ 17. Kh1 cxb3 18. Nd5 Qd4 19. c3 Qd2 20. Rf2 Qd3 21. Qh6 1-0

[Event "3.Città di Padova Op.B, Elo<1900"]
[Site "Padova Ex Fornace Carotta"]
[Date "2000.12.02"]
[Round "1.12"]
[White "Roberti, Ignazio"]
[Black "Ceccherini, Paolo"]
[Result "1-0"]
[WhiteElo "1760"]
[BlackElo "1507"]
[Annotator "Gabriele Ballarin"]
[PlyCount "45"]
[EventDate "2000.12.02"]
[EventType "swiss"]
[EventRounds "6"]
[EventCountry "ITA"]

1. e4 e5 2. f4 exf4 3. Nf3 g5 4. Bc4 g4 5. O-O gxf3 6. Qxf3 Qf6 7. d3 Bc5+ 8. Kh1 d6 9. Bxf4 Be6 10. e5 dxe5 11. Qxb7 Ne7 12. Qxa8 O-O 13. Qe4 Bxc4 14. Qxc4 exf4 15. Qxc5 f3 16. g3 Re8 17. Nd2 Nd7 18. Qxc7 Ne5 19. Rae1 Nf5 20. Nxf3 Nxg3+ 21. hxg3 Nxf3 22. Rxe8+ Kg7 23. Qc3 1-0

[Event "3.Città di Padova Op.B, Elo<1900"]
[Site "Padova Ex Fornace Carotta"]
[Date "2000.12.02"]
[Round "1.13"]
[White "Morelli, Umberto"]
[Black "Sinato, Fabrizio"]
[Result "0-1"]
[WhiteElo "1507"]
[BlackElo "1749"]
[Annotator "Gabriele Ballarin"]
[PlyCount "106"]
[EventDate "2000.12.02"]
[EventType "swiss"]
[EventRounds "6"]
[EventCountry "ITA"]

1. d4 Nf6 2. Nf3 e6 3. e3 c5 4. c3 b6 5. Bd3 Bb7 6. Nbd2 d5 7. O-O Nbd7 8. Re1 Ne4 9. Nf1 Bd6 10. Ng3 O-O 11. Bd2 c4 12. Bc2 Ndf6 13. Re2 Ng4 14. Be1 f5 15. h3 Ngxf2 16. Bxf2 Nxg3 17. Bxg3 Bxg3 18. Qd2 Bc6 19. Nh2 Qc7 20. Nf1 Bh4 21. Qd1 Be8 22. Nd2 Bh5 23. Nf3 Be7 24. Qf1 Rf6 25. Ree1 Bd6 26. Kh1 Raf8 27. a4 Rg6 28. Nh4 Rg3 29. Bd1 Bxd1 30. Raxd1 g5 31. Nf3 g4 32. Ng1 Qg7 33. Qf2 Rf6 34. Ne2 gxh3 35. Nxg3 Bxg3 36. Qf3 hxg2+ 37. Kg1 Bxe1 38. Rxe1 Rg6 39. Re2 Qd7 40. Rxg2 Rxg2+ 41. Kxg2 Qg7+ 42. Kf2 Qg4 43. Qh1 h5 44. Qh2 f4 45. exf4 Kf7 46. Ke3 Kf6 47. Qf2 h4 48. Kd2 Kf5 49. Qe3 Qg2+ 50. Kc1 Qf1+ 51. Kc2 Qd3+ 52. Qxd3+ cxd3+ 53. Kxd3 h3 0-1

[Event "3.Città di Padova Op.B, Elo<1900"]
[Site "Padova Ex Fornace Carotta"]
[Date "2000.12.02"]
[Round "1.14"]
[White "Maccapan, Fabio"]
[Black "Alba, Riccardo"]
[Result "1-0"]
[WhiteElo "1738"]
[BlackElo "1500"]
[Annotator "Gabriele Ballarin"]
[PlyCount "95"]
[EventDate "2000.12.02"]
[EventType "swiss"]
[EventRounds "6"]
[EventCountry "ITA"]

1. e4 e5 2. Nc3 Nf6 3. Nf3 Nc6 4. d4 exd4 5. Nxd4 Nxd4 6. Qxd4 d6 7. Bg5 Be7 8. O-O-O h6 9. Bh4 Be6 10. e5 dxe5 11. Qxe5 Bd6 12. Bb5+ Kf8 13. Qe2 Qe7 14. Rhe1 c6 15. Bc4 Re8 16. Bxe6 Bf4+ 17. Kb1 fxe6 18. Qc4 g5 19. Bg3 Bxg3 20. fxg3 Kg7 21. Qd4 a6 22. Qe5 Kf7 23. h3 Rd8 24. Rxd8 Rxd8 25. Rf1 Kg6 26. Kc1 Rf8 27. Re1 Re8 28. g4 Nd5 29. Ne4 Nf4 30. g3 Nd5 31. Rf1 Qg7 32. Qxg7+ Kxg7 33. Kd2 Nb4 34. Kc3 Nd5+ 35. Kd4 e5+ 36. Kc5 Re6 37. Rf2 b6+ 38. Kc4 Nf6 39. Kd3 Nxe4 40. Kxe4 Rf6 41. Rf5 Rxf5 42. Kxf5 e4 43. Kxe4 Kf6 44. a4 a5 45. c3 b5 46. b3 bxa4 47. bxa4 c5 48. c4 1-0

[Event "3.Città di Padova Op.B, Elo<1900"]
[Site "Padova Ex Fornace Carotta"]
[Date "2000.12.02"]
[Round "1.15"]
[White "Alessi, Giovanni"]
[Black "Zotti, Enrico"]
[Result "0-1"]
[WhiteElo "1500"]
[BlackElo "1734"]
[Annotator "Gabriele Ballarin"]
[PlyCount "74"]
[EventDate "2000.12.02"]
[EventType "swiss"]
[EventRounds "6"]
[EventCountry "ITA"]

1. e4 c5 2. Bc4 Nc6 3. Nf3 g6 4. O-O Bg7 5. c3 e6 6. Re1 Nge7 7. d4 cxd4 8. cxd4 O-O 9. Nc3 Na5 10. Bf1 d5 11. e5 a6 12. b3 b5 13. Ba3 Re8 14. Ng5 Nec6 15. Bc1 Bd7 16. f4 Rc8 17. Bxb5 axb5 18. Nxb5 Nb7 19. Be3 Nb4 20. Na3 Qb6 21. Re2 Bb5 22. Rd2 Rc3 23. Bf2 Rec8 24. Nxb5 Qxb5 25. a4 Qa6 26. Nf3 Na5 27. Rb1 R8c6 28. Ne1 Qc8 29. Nd3 Nxd3 30. Qe2 Nxb3 31. Rdd1 Nxf2 32. Rf1 Ne4 33. Qb5 Nbd2 34. h3 Nxf1 35. Rxf1 Rc1 36. Rxc1 Rxc1+ 37. Kh2 Qc3 0-1

[Event "3.Città di Padova Op.B, Elo<1900"]
[Site "Padova Ex Fornace Carotta"]
[Date "2000.12.02"]
[Round "1.16"]
[White "Morganti, Lionello"]
[Black "Arras, Antonio"]
[Result "1-0"]
[WhiteElo "1726"]
[BlackElo "1500"]
[Annotator "Gabriele Ballarin"]
[PlyCount "78"]
[EventDate "2000.12.02"]
[EventType "swiss"]
[EventRounds "6"]
[EventCountry "ITA"]

1. e4 e6 2. d4 d5 3. Nd2 Nf6 4. e5 Nfd7 5. Bd3 c5 6. c3 Nc6 7. Ne2 cxd4 8. cxd4 Qb6 9. Nf3 Bb4+ 10. Bd2 Bxd2+ 11. Qxd2 O-O 12. O-O f6 13. exf6 Nxf6 14. Nc3 Bd7 15. Rac1 Rae8 16. Rfe1 Kh8 17. Bb1 a6 18. Re2 Qc7 19. h3 Nh5 20. Re3 Qd6 21. Rce1 Nf4 22. Ne2 Nxe2+ 23. R1xe2 Rf6 24. Ne5 b5 25. Rg3 Qe7 26. Nxc6 Bxc6 27. Qc2 g6 28. Qxc6 e5 29. Qc3 e4 30. a3 Qf8 31. Rge3 Rc8 32. Qd2 Qh6 33. Rc3 Qf8 34. Rxc8 Qxc8 35. Qe3 Rc6 36. Ba2 Rc1+ 37. Kh2 Qc7+ 38. Qg3 Qa7 39. Qf4 Kg7 1-0

[Event "3.Città di Padova Op.B, Elo<1900"]
[Site "Padova Ex Fornace Carotta"]
[Date "2000.12.02"]
[Round "1.17"]
[White "Baracchi, Leonardo"]
[Black "De Napoli, Giuseppe"]
[Result "0-1"]
[WhiteElo "1500"]
[BlackElo "1723"]
[Annotator "Gabriele Ballarin"]
[PlyCount "108"]
[EventDate "2000.12.02"]
[EventType "swiss"]
[EventRounds "6"]
[EventCountry "ITA"]

1. e4 e5 2. Nc3 Nc6 3. f4 exf4 4. Nf3 g5 5. d4 Bg7 6. e5 g4 7. Bc4 gxf3 8. O-O Nge7 9. Qxf3 Nxd4 10. Qxf4 Ndf5 11. Qg4 d5 12. Bd3 Bxe5 13. Bg5 Qd6 14. Qh5 Be6 15. Rae1 Bd4+ 16. Kh1 Kd7 17. Nb5 Qc5 18. Nxd4 Qxd4 19. Bxf5 Nxf5 20. Rxf5 Bxf5 21. Qxf7+ Kc6 22. Qxf5 Rae8 23. Re6+ Kb5 24. h3 Rhf8 25. Rf6 Re1+ 26. Kh2 Rxf6 27. Bxf6 Qg1+ 28. Kg3 Re3+ 29. Kh4 Re4+ 30. g4 Qc5 31. Qxh7 Qf2+ 32. Kg5 Qf4+ 33. Kg6 Qd6 34. g5 Kb6 35. h4 Qh2 36. h5 Qxc2 37. Kg7 Qc6 38. h6 d4 39. Qxe4 Qxe4 40. h7 d3 41. Bc3 Qe7+ 42. Kh6 Qd6+ 43. g6 d2 44. Bxd2 Qxd2+ 45. Kg7 Qd4+ 46. Kg8 Qd5+ 47. Kg7 Qe5+ 48. Kf7 Qh8 49. g7 Qxh7 50. Kf8 Qf5+ 51. Kg8 Kc6 52. Kh8 Qh5+ 53. Kg8 Kd6 54. b4 Ke7 0-1